| 000 | 00000nas 2200000za 4500 |
| 001 | 9.848249 |
| 003 | CaOODSP |
| 005 | 20221107153628 |
| 007 | cr ||||||||||| |
| 008 | 171204d20012003oncar p oss||f0 b0fre|d |
| 022 | # |a1912-5259 |
| 040 | |aCaOODSP|bfre |
| 043 | |an-cn-on |
| 086 | 1 |aNH12-68/2F-PDF |
| 222 | 0|aRapport sur les logements locatifs. RMR de Hamilton |
| 245 | 00|aRapport sur les logements locatifs. |pRMR de Hamilton |h[ressource électronique]. |
| 260 | |a[Ottawa] : |bSociété canadienne d'hypothèques et de logement, |c[2001-2003] |
| 310 | |aAnnuel |
| 362 | 1 |aParaît depuis 2001 ; ne paraît plus après 2003. |
| 500 | |aTitre de départ. |
| 500 | |aPubl. aussi en anglais sous le titre : Rental market report. Hamilton CMA. |
| 692 | 07|2gccst|aLogement |
| 692 | 07|2gccst|aTaux |
| 710 | 2 |aSociété canadienne d'hypothèques et de logement. |
| 775 | 08|tRental market report. |w(CaOODSP)9.504560 |
| 785 | 00|tRapport sur le marché locatif. |w(CaOODSP)9.500975 |